Environmental effects on composite materials / (Record no. 16572)

000 -LEADER
fixed length control field 00487cam a2200157 a 4500
020 ## - INTERNATIONAL STANDARD BOOK NUMBER
ISBN 0877623007 (pbk. : v. 1)
040 ## - CATALOGING SOURCE
Transcribing agency DLC
082 00 - DEWEY DECIMAL CLASSIFICATION NUMBER
Classification number 620 TEC 1981 A106 Or.
245 00 - TITLE STATEMENT
Title Environmental effects on composite materials /
260 ## - PUBLICATION, DISTRIBUTION, ETC. (IMPRINT)
Place of publication Westport, CT :
Name of publisher Technomic Pub. Co.,
Year of publication c1981-
300 ## - PHYSICAL DESCRIPTION
Number of Pages v. <1-3 > :
Other physical details ill. ;
Dimensions 23 cm.
500 ## - GENERAL NOTE
General note Vols. 2-<3 > have imprint: Lancaster, Pa.
650 #0 - SUBJECT ADDED ENTRY--TOPICAL TERM
Topical Term Composite materials
700 1# - ADDED ENTRY--PERSONAL NAME
Personal name Springer, George S.
942 ## - ADDED ENTRY ELEMENTS (KOHA)
Koha item type ADB
952 ## - LOCATION AND ITEM INFORMATION (KOHA)
Withdrawn status [LOCAL, KOHA] 0
952 ## - LOCATION AND ITEM INFORMATION (KOHA)
Withdrawn status [LOCAL, KOHA] 0
Holdings
Permanent Location Date acquired Koha item type Lost status Shelving location Barcode Current Location Full call number
Library Block A2018-03-07សៀវភៅភាសាអង់គ្លេស A106A34944Library Block A620 TEC 1981 A106 Or.
Library Block A2018-03-07សៀវភៅភាសាអង់គ្លេស A106A34246Library Block A620 TEC 1981 A106 Or.
មជ្ឈមណ្ឌលឯការនៃសាកលវិទ្យាល័យភូមិន្ទកសិកម្មចំការដូង

Powered by Koha